| 000 | 00840 a2200217 4500 | ||
|---|---|---|---|
| 999 |
_c9152 _d9152 |
||
| 020 | _a9780702199011 (pbk.) | ||
| 020 | _a070219901X (pbk.) | ||
| 050 | 0 | 0 | _aKF4750ACK2012 |
| 100 | 1 |
_aAckermann, Laurie, _eauthor. |
|
| 245 | 1 | 0 |
_aHuman dignity : _blodestar for equality in South Africa / _cLaurie Ackermann. |
| 264 | 1 |
_aCape Town, South Africa : _bJuta, _c[2012] |
|
| 300 | _axlvi, 416 pages ; | ||
| 500 | _aincludes index | ||
| 504 | _aIncludes bibliographical references (pages xvii-xxxiii) and index. | ||
| 650 | 0 |
_aRespect for persons _xLaw and legislation |
|
| 650 | 0 | _aConstitutional law | |
| 650 | 0 | _aHuman rights | |
| 856 | 4 | 1 |
_3Table of contents only _uhttp://www.loc.gov/catdir/toc/fy14pdf02/2012526464.html |
| 942 |
_2lcc _cBK _h4750 _iACK _kKF |
||